<?xml version="1.0" encoding="UTF-8"?>
<marc:record xmlns:marc="http://www.loc.gov/MARC21/slim">
   <marc:leader>00000nam a2200000 a 4500</marc:leader>
   <marc:datafield ind1="1" ind2=" " tag="100">
      <marc:subfield code="a">Stradal, J. Ryan</marc:subfield>
      <marc:subfield code="4">aut</marc:subfield>
      <marc:subfield code="e">Verfasser/-in</marc:subfield>
   </marc:datafield>
   <marc:datafield ind1=" " ind2=" " tag="653">
      <marc:subfield code="a">Roman</marc:subfield>
   </marc:datafield>
   <marc:datafield ind1="0" ind2="0" tag="245">
      <marc:subfield code="a">Samstagabend im Lakeside Supper Club</marc:subfield>
   </marc:datafield>
   <marc:datafield ind1=" " ind2="1" tag="264">
      <marc:subfield code="b">Diogenes</marc:subfield>
      <marc:subfield code="c">2025</marc:subfield>
   </marc:datafield>
   <marc:datafield ind1="1" ind2=" " tag="520">
      <marc:subfield code="a">Für Betty war er die Rettung aus existenzieller Not. Für Florence eine Bürde und der Ort ihrer schlimmsten Niederlage. Für Mariel ist er ein Traum, in dem sie sich selbst verwirklicht. Für Julia ist er eine bloße Legende, die nichts mehr mit ihr zu tun hat: Im øLakeside Supper Clubï am Bear Jaw Lake in Minnesota trotzen vier Frauen dem Leben auf ganz unterschiedliche Weise ihr Quäntchen Glück ab.</marc:subfield>
   </marc:datafield>
   <marc:datafield ind1=" " ind2=" " tag="020">
      <marc:subfield code="a">9783257073324</marc:subfield>
      <marc:subfield code="9">9783257073324</marc:subfield>
   </marc:datafield>
</marc:record>
